[Event "Elit(Solna-Sollentuna)"]
[Site "?"]
[Date "2009.01.17"]
[Round "6"]
[White "Bergstrom, Christer"]
[Black "Ernst, Thomas"]
[Result "1/2-1/2"]
[WhiteElo "2367"]
[BlackElo "2489"]
[PlyCount "83"]

1. Nf3 Nf6 2. c4 e6 3. g3 d5 4. d4 dxc4 5. Qa4+ Nc6 6. Qxc4 Bd6 7. Bg2 O-O 8.
O-O e5 9. dxe5 Nxe5 10. Nxe5 Bxe5 11. Nc3 c6 12. Be3 Be6 13. Qa4 Qe7 14. Rfd1
a5 15. Bd4 Bxd4 16. Rxd4 Qc5 17. Qd1 Qb6 18. Na4 Qc7 19. Nc5 Bg4 20. h3 Bh5 21.
g4 Bg6 22. Qd2 h5 23. Rd1 hxg4 24. hxg4 Rfe8 25. Nd7 Ne4 26. Bxe4 Bxe4 27. Qg5
Bg6 28. R1d2 Re6 29. Nc5 Rf6 30. Rd7 Qf4 31. Rd8+ Rxd8 32. Rxd8+ Kh7 33. Qh4+
Qh6 34. Qxh6+ Kxh6 35. Nxb7 Rf4 36. f3 Rb4 37. Nxa5 Rxb2 38. Kf2 c5 39. Rc8 Bd3
40. Rxc5 Rxe2+ 41. Kg3 Rxa2 42. Nc4 1/2-1/2

[Event "Elit(Solna-Sollentuna)"]
[Site "?"]
[Date "2009.01.17"]
[Round "6"]
[White "Sagit, Rauan"]
[Black "Jonsson, Mikael"]
[Result "1-0"]
[WhiteElo "2459"]
[BlackElo "2336"]
[PlyCount "111"]
[EventDate "2009.??.??"]

1. e4 e5 2. Nf3 Nc6 3. Bc4 Nf6 4. d3 Be7 5. O-O O-O 6. Re1 d6 7. a4 Be6 8. Nbd2
Qd7 9. Bxe6 Qxe6 10. Nf1 Rfe8 11. Ne3 Bf8 12. c4 Ne7 13. Nd5 Nfxd5 14. cxd5 Qd7
15. b4 c6 16. dxc6 Nxc6 17. b5 Nd8 18. d4 exd4 19. Qxd4 Ne6 20. Qd5 Nc5 21. Be3
Rac8 22. Bxc5 Rxc5 23. Qd4 Qe6 24. h3 Qc4 25. Rad1 Qxd4 26. Rxd4 g6 27. Red1
Rec8 28. g3 Kg7 29. Kg2 Kf6 30. Nh2 Rc4 31. Ng4+ Ke6 32. Ne3 Rxd4 33. Rxd4 Bg7
34. Rd2 Rc1 35. Ra2 Bd4 36. Nd5 Ke5 37. Re2 Bc5 38. f4+ Kd4 39. Nf6 Kd3 40. Ra2
h5 41. Nh7 h4 42. gxh4 Kxe4 43. Ng5+ Kxf4 44. Nxf7 d5 45. Ng5 Be3 46. a5 Rg1+
47. Kh2 Rb1 48. b6 axb6 49. axb6 Rxb6 50. Kg2 d4 51. Ra5 Rb2+ 52. Kf1 Kg3 53.
Ra3 Kxh4 54. Nf3+ Kh5 55. Ke1 Rb5 56. Ke2 1-0

[Event "Elit(Solna-Sollentuna)"]
[Site "?"]
[Date "2009.01.17"]
[Round "6"]
[White "Landgren, Andreas"]
[Black "Poley, Vladimir"]
[Result "1/2-1/2"]
[WhiteElo "2210"]
[BlackElo "2484"]
[PlyCount "91"]

1. d4 b5 2. e4 a6 3. c4 Bb7 4. f3 bxc4 5. Bxc4 d5 6. Qb3 dxc4 7. Qxb7 Nd7 8.
Ne2 e5 9. Be3 Qb8 10. Qxb8+ Rxb8 11. Nd2 Rxb2 12. Nxc4 Rb5 13. Nxe5 Nxe5 14.
dxe5 Rxe5 15. Kf2 Nf6 16. Rac1 Kd7 17. Rhd1+ Kc8 18. Rc6 Ra5 19. Rdc1 Ne8 20.
R1c2 Bd6 21. Nd4 Kb7 22. Nf5 Be5 23. f4 Ba1 24. Ne7 Bf6 25. Nd5 Bd8 26. R6c4
Nd6 27. Rb4+ Rb5 28. Kf3 c6 29. a4 Rxb4 30. Nxb4 Re8 31. Nxc6 Bc7 32. e5 Nf5
33. Nd4 Nxe3 34. Kxe3 f6 35. Nf3 fxe5 36. fxe5 Bxe5 37. Nxe5 Rxe5+ 38. Kf4 Ra5
39. Rb2+ Kc6 40. Rc2+ Rc5 41. Re2 Rc4+ 42. Kf3 Rxa4 43. Re7 Ra3+ 44. Kf2 Ra2+
45. Kg3 Rd2 46. Ra7 1/2-1/2

[Event "Elit(Solna-Sollentuna)"]
[Site "?"]
[Date "2009.01.17"]
[Round "6"]
[White "Lindberg, Bo"]
[Black "Dalmau, Jorgen"]
[Result "1-0"]
[WhiteElo "2423"]
[BlackElo "2227"]
[PlyCount "93"]
[EventDate "2009.??.??"]

1. d4 Nf6 2. Bg5 d5 3. e3 Nbd7 4. Nf3 h6 5. Bh4 g5 6. Bg3 Ne4 7. Bd3 Ndf6 8.
Be5 Bf5 9. Nc3 Nxc3 10. bxc3 Qd7 11. Rb1 Bxd3 12. cxd3 g4 13. Nd2 b6 14. c4 Bg7
15. O-O dxc4 16. Rc1 Nh5 17. Nxc4 f6 18. Bxc7 Rc8 19. Bg3 Nxg3 20. hxg3 h5 21.
Qc2 O-O 22. Qb3 Kh7 23. a4 f5 24. Rb1 Qe6 25. Qb5 Qf6 26. Ne5 Rfd8 27. Qa6 Rc7
28. Rbc1 Rdc8 29. Qxc8 Rxc8 30. Rxc8 Qe6 31. Rc7 Bxe5 32. dxe5 Qxe5 33. Rxa7
Kg6 34. d4 Qd6 35. Ra6 h4 36. Rb1 Kf7 37. gxh4 g3 38. Raxb6 gxf2+ 39. Kxf2 Qh2
40. R6b5 Qxh4+ 41. Kg1 Qe4 42. Re1 Qc2 43. Rxf5+ Kg6 44. Ref1 Qxa4 45. R5f3 Qa8
46. Rg3+ Kh5 47. Rf7 1-0

[Event "Elit(Solna-Sollentuna)"]
[Site "?"]
[Date "2009.01.17"]
[Round "6"]
[White "Karlsson, Tomas"]
[Black "Couso, Luis"]
[Result "1-0"]
[WhiteElo "2293"]
[BlackElo "2363"]
[PlyCount "79"]

1. e4 c5 2. Nf3 e6 3. d4 cxd4 4. Nxd4 a6 5. Bd3 Qb6 6. Nb3 Qc7 7. Nc3 Nf6 8.
Qe2 d6 9. O-O Be7 10. f4 Nc6 11. a4 Nb4 12. Be3 Nxd3 13. cxd3 Bd7 14. Rfc1 Qb8
15. Bb6 Bc6 16. Nd4 Nd7 17. Nxc6 bxc6 18. Bd4 c5 19. Be3 Bf6 20. Qf2 O-O 21.
Rc2 Rc8 22. Rd1 h6 23. d4 cxd4 24. Bxd4 Rc4 25. Rcd2 Be7 26. Be3 Nf6 27. Qe2
Rxc3 28. bxc3 Nxe4 29. Rb2 Qc8 30. Rc2 Qc6 31. Rd4 Rc8 32. h3 Bf6 33. Rb4 Nxc3
34. Qd3 a5 35. Rb6 Qxa4 36. Rxd6 Qb3 37. Kh2 a4 38. Bd4 Rc4 39. Rxc3 Rxc3 40.
Bxc3 1-0

[Event "Elit(Solna-Sollentuna)"]
[Site "?"]
[Date "2009.01.17"]
[Round "6"]
[White "Agrest, Inna"]
[Black "Bjarnehag, Peter"]
[Result "0-1"]
[WhiteElo "2296"]
[BlackElo "2159"]
[PlyCount "94"]

1. e4 c5 2. Nf3 Nc6 3. d4 cxd4 4. Nxd4 Nf6 5. Nc3 e5 6. Ndb5 d6 7. Bg5 a6 8.
Na3 b5 9. Bxf6 gxf6 10. Nd5 Bg7 11. Bd3 Ne7 12. Nxe7 Qxe7 13. O-O f5 14. Qf3 d5
15. exd5 e4 16. Qh5 O-O 17. Rae1 Bxb2 18. Nb1 Qc5 19. Re3 Qd6 20. Be2 Be5 21.
Nd2 Qg6 22. Nb3 Bb7 23. Qxg6+ hxg6 24. c4 bxc4 25. Bxc4 Rfd8 26. Rd1 Rac8 27.
Na5 Bxd5 28. g3 Bxc4 29. Rxd8+ Rxd8 30. Nxc4 Rd1+ 31. Kg2 Bd4 32. Ra3 Rc1 33.
Ne3 Rc6 34. Nd5 Rc2 35. Rxa6 Rxf2+ 36. Kh3 Rd2 37. Rd6 Kg7 38. Nf4 e3 39. Rd7
Be5 40. Re7 Kf6 41. Re8 g5 42. Nh5+ Kg6 43. Nf4+ Bxf4 44. gxf4 gxf4 45. a4 e2
46. a5 Rd3+ 47. Kg2 Re3 0-1

[Event "Elit(Solna-Sollentuna)"]
[Site "?"]
[Date "2009.01.17"]
[Round "6"]
[White "Bergstrom, Magnus"]
[Black "Aperia, Jakob"]
[Result "1/2-1/2"]
[WhiteElo "2176"]
[BlackElo "2165"]
[PlyCount "108"]

1. c4 c6 2. e4 d5 3. cxd5 cxd5 4. exd5 Nf6 5. Qa4+ Nbd7 6. Nc3 g6 7. d4 Bg7 8.
d6 exd6 9. Be2 O-O 10. Bf3 Nb6 11. Qb3 Re8+ 12. Nge2 Bg4 13. Bxg4 Nxg4 14. O-O
Nh6 15. a4 a5 16. Ng3 Ng4 17. Nb5 h5 18. Qf3 Qd7 19. Ne4 Nxa4 20. Nexd6 Nb6 21.
Nxe8 Qxb5 22. Nc7 Qxf1+ 23. Kxf1 Nxh2+ 24. Ke2 Nxf3 25. Nxa8 Nxd4+ 26. Kd1 Nxa8
27. Rxa5 Nc7 28. Ra7 Nb3 29. Rxb7 Nxc1 30. Kxc1 Ne6 31. Kd2 h4 32. Ke2 g5 33.
b4 g4 34. Kf1 Be5 35. b5 h3 36. gxh3 gxh3 37. Rd7 Ng5 38. Rd5 f6 39. b6 h2 40.
Kg2 Bf4 41. Rf5 Bb8 42. Rc5 Kf7 43. Rc8 Bf4 44. b7 Nh3 45. Rh8 h1=Q+ 46. Kxh1
Nxf2+ 47. Kg2 Nd3 48. Kf3 Be5 49. b8=Q Bxb8 50. Rxb8 Kg6 51. Rd8 Ne5+ 52. Ke4
Kg5 53. Rd1 Ng4 54. Rf1 Nh6 1/2-1/2

[Event "Elit(Solna-Vasteras)"]
[Site "?"]
[Date "2009.02.07"]
[Round "7"]
[White "Akesson, Ralf"]
[Black "Bergstrom, Christer"]
[Result "1-0"]
[WhiteElo "2511"]
[BlackElo "2367"]
[PlyCount "57"]
[SourceDate "2009.02.10"]

1. d4 Nf6 2. c4 e6 3. Nf3 d5 4. Nc3 Be7 5. Bf4 O-O 6. e3 c5 7. dxc5 dxc4 8.
Bxc4 Bxc5 9. O-O Qxd1 10. Rfxd1 a6 11. Rac1 b5 12. Bd3 Nbd7 13. a4 b4 14. Ne4
Be7 15. Nd6 a5 16. Rc7 Ba6 17. Bxa6 Rxa6 18. Nb7 b3 19. g4 e5 20. Bg3 e4 21.
Nd4 h6 22. Nxb3 Bb4 23. Rcxd7 Nxd7 24. Rxd7 Rc8 25. Nd4 Rc1+ 26. Kg2 Rb1 27. b3
Rb2 28. Nd6 Bxd6 29. Rxd6 1-0

[Event "Elit(Solna-Vasteras)"]
[Site "?"]
[Date "2009.02.07"]
[Round "7"]
[White "Lindberg, Bengt"]
[Black "Sjodahl, Pontus"]
[Result "1-0"]
[WhiteElo "2426"]
[BlackElo "2505"]
[PlyCount "109"]
[EventDate "2009.??.??"]

1. e4 e6 2. d4 d5 3. Nc3 Bb4 4. e5 c5 5. a3 Bxc3+ 6. bxc3 Ne7 7. Qg4 O-O 8. Bd3
Nbc6 9. Qh5 Ng6 10. Nf3 Qc7 11. Be3 c4 12. Bxg6 fxg6 13. Qg4 Qf7 14. Kd2 Bd7
15. h4 Qf5 16. Qg3 b5 17. Ng5 h6 18. Nh3 a5 19. Nf4 Ne7 20. Qh3 Qxh3 21. Nxh3
Nf5 22. g3 Ra7 23. Nf4 Ne7 24. g4 Rb7 25. h5 g5 26. Ng2 Rc8 27. Rhb1 Be8 28. f4
gxf4 29. Nxf4 Bf7 30. Rg1 Kf8 31. Raf1 Kg8 32. g5 hxg5 33. Rxg5 Kh7 34. Rfg1
Rg8 35. Bf2 Rd7 36. Nh3 Nf5 37. Rxf5 exf5 38. e6 Bxe6 39. Ng5+ Kh6 40. Nxe6
Kxh5 41. Be3 g5 42. Bxg5 Kg6 43. Bf4+ Kf7 44. Ng5+ Ke8 45. Rh1 Rdg7 46. Rh5 Kd7
47. Ke3 Kc6 48. Nf3 Rg2 49. Rxf5 Rxc2 50. Ne5+ Kb7 51. Rf7+ Ka6 52. Nd7 Rxc3+
53. Kf2 Rxa3 54. Nc5+ Kb6 55. Rf6+ 1-0

[Event "Elit(Solna-Vasteras)"]
[Site "?"]
[Date "2009.02.07"]
[Round "7"]
[White "Eriksson, Johan"]
[Black "Jonsson, Mikael"]
[Result "1-0"]
[WhiteElo "2441"]
[BlackElo "2336"]
[PlyCount "145"]

1. d4 d5 2. c4 c6 3. Nf3 Nf6 4. Nc3 dxc4 5. e3 Bg4 6. Bxc4 e6 7. h3 Bh5 8. g4
Bg6 9. Ne5 Nfd7 10. Nxg6 hxg6 11. Bf1 Nf6 12. Bg2 Nbd7 13. O-O Be7 14. f4 O-O
15. g5 Nh7 16. h4 Re8 17. e4 Ndf8 18. Be3 Qd7 19. Qf3 Bd8 20. Rad1 Bb6 21. Na4
Qe7 22. Nxb6 axb6 23. a3 Ra4 24. Bf2 b5 25. Rfe1 Qc7 26. Re2 b4 27. axb4 Rxb4
28. Be1 Ra4 29. b3 Raa8 30. Kh1 Red8 31. Bg3 Qb6 32. Red2 Ra3 33. Rd3 Rda8 34.
Kh2 Qb5 35. d5 cxd5 36. exd5 exd5 37. Qxd5 Qxd5 38. Bxd5 Ra2+ 39. R1d2 R8a3 40.
Rxa2 Rxa2+ 41. Kh3 b6 42. Bc4 Ne6 43. Rd6 Nhf8 44. Rxb6 Rd2 45. Rb8 Kh7 46. Rb7
Nd7 47. Bxe6 fxe6 48. b4 Kg8 49. Be1 Rd3+ 50. Kg2 Kf7 51. Rc7 Ke7 52. Rc6 Rb3
53. Bc3 Rb1 54. Rc4 Nb6 55. Rc7+ Nd7 56. Kf3 Kd6 57. Rc4 Rh1 58. Kg3 Rd1 59.
Rd4+ Rxd4 60. Bxd4 Kd5 61. Bxg7 Ke4 62. Kg4 Nb6 63. Be5 Nd5 64. b5 Ne3+ 65. Kh3
Kd5 66. h5 gxh5 67. g6 Nf5 68. g7 Ne7 69. Kh4 Kc5 70. Kxh5 Kxb5 71. Kh6 Kc5 72.
Kh7 Kd5 73. g8=Q 1-0

[Event "Elit(Solna-Vasteras)"]
[Site "?"]
[Date "2009.02.07"]
[Round "7"]
[White "Johansson, Gunnar"]
[Black "Eriksson, Anders"]
[Result "1/2-1/2"]
[WhiteElo "2255"]
[BlackElo "2367"]
[PlyCount "113"]

1. d4 Nf6 2. Nf3 e6 3. e3 c5 4. c4 cxd4 5. Nxd4 Be7 6. Nc3 O-O 7. Be2 Nc6 8.
O-O d6 9. b3 a6 10. Bb2 Ne5 11. Qd2 Re8 12. Rfd1 Qc7 13. Rac1 b6 14. f4 Ned7
15. Bf3 Bb7 16. Qf2 Bf8 17. Nde2 Rab8 18. g4 Bxf3 19. Qxf3 Rec8 20. g5 Ne8 21.
Kf2 Qb7 22. Nd4 g6 23. Qxb7 Rxb7 24. Ne4 Bg7 25. Ba3 Nc5 26. Kf3 Kf8 27. Ne2
Ke7 28. N2g3 Rbc7 29. Rd2 Rc6 30. Rcd1 Nb7 31. h4 h5 32. gxh6 Bxh6 33. h5 gxh5
34. Rh1 f5 35. Nf2 b5 36. Rxh5 Bg7 37. cxb5 axb5 38. Nd3 Kf7 39. Nb4 R6c7 40.
Rhh2 Bc3 41. Rc2 Nf6 42. Nd3 Ba5 43. Rxc7+ Rxc7 44. Bb2 Nc5 45. Nxc5 Rxc5 46.
Bd4 Rd5 47. Rc2 e5 48. fxe5 dxe5 49. Bb2 Kg6 50. Ne2 Kg5 51. Nc3 Rc5 52. a3 e4+
53. Ke2 Bb6 54. Rc1 Ng4 55. b4 Re5 56. Nd1 Rd5 57. Rc6 1/2-1/2

[Event "Elit(Solna-Vasteras)"]
[Site "?"]
[Date "2009.02.07"]
[Round "7"]
[White "Norberg, Erik"]
[Black "Karlsson, Tomas"]
[Result "1-0"]
[WhiteElo "2289"]
[BlackElo "2293"]
[PlyCount "75"]

1. c4 e6 2. g3 d5 3. Bg2 Nf6 4. Nf3 Be7 5. O-O O-O 6. Qc2 c6 7. b3 Nbd7 8. Bb2
b6 9. d3 Bb7 10. Nbd2 c5 11. e3 Qc7 12. Rac1 Rac8 13. Rfe1 Rfd8 14. cxd5 Nxd5
15. a3 Bf6 16. e4 Bxb2 17. Qxb2 Ne7 18. d4 Qb8 19. d5 exd5 20. exd5 Nxd5 21.
Nh4 Re8 22. Nf5 f6 23. Nc4 Ne5 24. Ncd6 Rcd8 25. Nxe8 Rxe8 26. f4 Nd3 27. Qd2
Nxe1 28. Bxd5+ Bxd5 29. Qxd5+ Kh8 30. Qd7 Nf3+ 31. Kf2 Rg8 32. Kxf3 Qa8+ 33.
Kf2 Qe4 34. Re1 Qc2+ 35. Re2 Qxb3 36. Re8 Qa2+ 37. Kf3 g6 38. Qg7# 1-0

[Event "Elit(Solna-Vasteras)"]
[Site "?"]
[Date "2009.02.07"]
[Round "7"]
[White "Landgren, Andreas"]
[Black "Norberg, Johan"]
[Result "0-1"]
[WhiteElo "2210"]
[BlackElo "2364"]
[PlyCount "45"]

1. d4 d6 2. c4 e5 3. Nc3 exd4 4. Qxd4 Nc6 5. Qd1 Nf6 6. e4 Be7 7. Bd3 O-O 8.
Nge2 Ne5 9. O-O c6 10. b3 Nxd3 11. Qxd3 Qa5 12. Bb2 Re8 13. h3 Bf8 14. Kh1 b6
15. Rae1 Ba6 16. Nd4 d5 17. exd5 cxd5 18. Ndb5 dxc4 19. bxc4 Red8 20. Qe2 Rac8
21. a3 Bxb5 22. cxb5 Re8 23. Qd3 0-1

[Event "Elit(Solna-Vasteras)"]
[Site "?"]
[Date "2009.02.07"]
[Round "7"]
[White "Sandberg, Richard"]
[Black "Dalmau, Jorgen"]
[Result "1/2-1/2"]
[WhiteElo "2263"]
[BlackElo "2227"]
[PlyCount "109"]

1. e4 e5 2. Nf3 Nc6 3. Bb5 a6 4. Ba4 Nf6 5. O-O Be7 6. Re1 b5 7. Bb3 d6 8. c3
O-O 9. h3 Bb7 10. d4 Re8 11. Ng5 Rf8 12. Nf3 Re8 13. Nbd2 Bf8 14. a4 h6 15. Bc2
exd4 16. Nxd4 Qd7 17. axb5 Nxd4 18. cxd4 axb5 19. Rxa8 Bxa8 20. e5 dxe5 21.
dxe5 Qd5 22. Nf3 Nd7 23. Bf4 g5 24. e6 Rxe6 25. Rxe6 Qxd1+ 26. Bxd1 fxe6 27.
Bxc7 Bg7 28. b4 Bc3 29. Bd6 Bd5 30. Be2 Bc4 31. Bxc4 bxc4 32. Kf1 Kf7 33. Ke2
Bg7 34. Nd2 c3 35. Ne4 Nb6 36. Kd3 Nd5 37. g3 Ke8 38. Bc5 Kd7 39. b5 Nc7 40.
Nxc3 Bxc3 41. Kxc3 Nxb5+ 42. Kc4 Kc6 43. g4 Nd6+ 44. Bxd6 Kxd6 45. Kd4 Kd7 46.
Ke5 Ke7 47. f3 Kf7 48. Ke4 Kg6 49. Kd4 Kf6 50. Ke4 Kg6 51. Ke5 Kf7 52. f4 Ke7
53. f5 exf5 54. Kxf5 Kf7 55. Ke5 1/2-1/2

[Event "Elit(Solna-Vasteras)"]
[Site "?"]
[Date "2009.02.07"]
[Round "7"]
[White "Steneskog, Per"]
[Black "Nilsson, Andre"]
[Result "1/2-1/2"]
[WhiteElo "2159"]
[BlackElo "2333"]
[PlyCount "28"]

1. d4 g6 2. c4 Bg7 3. Nc3 c5 4. d5 Bxc3+ 5. bxc3 f5 6. e4 fxe4 7. f3 Nf6 8.
fxe4 d6 9. Bd3 Qa5 10. Qc2 Ng4 11. Nf3 Nd7 12. O-O Nde5 13. Rb1 O-O 14. Bg5 Qd8
1/2-1/2

[Event "Elit(Farsta-Rockaden)"]
[Site "?"]
[Date "2009.02.07"]
[Round "7"]
[White "Blomqvist, Erik"]
[Black "Ong, Kezli"]
[Result "1-0"]
[WhiteElo "2502"]
[BlackElo "2320"]
[PlyCount "62"]
[SourceDate "2009.02.11"]

1. d4 Nf6 2. c4 e6 3. g3 d5 4. Nf3 Be7 5. Bg2 O-O 6. O-O dxc4 7. Qc2 a6 8. Qxc4
b5 9. Qc2 Bb7 10. Bd2 Nbd7 11. Ba5 Rc8 12. Nbd2 Qe8 13. b4 Nd5 14. a3 f5 15. e4
fxe4 16. Qxe4 Rf6 17. Rfe1 Qh5 18. h4 Ba8 19. Qd3 Rcf8 20. Re2 Rg6 21. Ne4 Qf5
22. Rae1 Kh8 23. Rc2 Bd6 24. Nfg5 Rxg5 25. hxg5 Rf7 26. Qe2 Bf8 27. Bxc7 Nxc7
28. Rxc7 Qd5 29. g6 hxg6 30. Qg4 Qf5 31. Qxf5 exf5 1-0

[Event "Elit(Farsta-Rockaden)"]
[Site "?"]
[Date "2009.02.07"]
[Round "7"]
[White "Holm, Magnus"]
[Black "Engqvist, Thomas"]
[Result "0-1"]
[WhiteElo "2211"]
[BlackElo "2468"]
[PlyCount "28"]

1. d4 Nf6 2. Nf3 e6 3. c4 b6 4. Bf4 Bb7 5. e3 Be7 6. h3 c5 7. d5 exd5 8. Nc3
dxc4 9. Nb5 Na6 10. Bxc4 d5 11. Qa4 O-O 12. Rd1 Nb4 13. Nxa7 b5 14. Bxb5 Qb6
0-1

[Event "Elit(Farsta-Rockaden)"]
[Site "?"]
[Date "2009.02.07"]
[Round "7"]
[White "Olsson, Anders"]
[Black "Lindeman, Sven"]
[Result "1-0"]
[WhiteElo "2468"]
[BlackElo "2195"]
[PlyCount "159"]

1. e4 e5 2. Nf3 Nc6 3. Bc4 Nf6 4. d3 Bc5 5. O-O d6 6. c3 Bb6 7. Nbd2 Ne7 8. Bb3
Ng6 9. Re1 O-O 10. Nc4 Be6 11. a4 c6 12. Nxb6 Bxb3 13. Qxb3 Qxb6 14. Qa3 Qc7
15. d4 Rfe8 16. Bg5 Re6 17. Rad1 h6 18. d5 cxd5 19. exd5 Ree8 20. Bxf6 gxf6 21.
Re4 f5 22. Rb4 Qe7 23. Qb3 Rab8 24. g3 f4 25. Qc2 Qd7 26. Nd2 Qh3 27. Qe4 f5
28. Qg2 Qh5 29. Re1 Re7 30. f3 Rg7 31. Re2 fxg3 32. hxg3 Nf4 33. gxf4 exf4 34.
Rxf4 Rxg2+ 35. Rxg2+ Kh7 36. Nf1 Rg8 37. Ng3 Qg5 38. Rxf5 Qc1+ 39. Kh2 Rg5 40.
Rf7+ Kg6 41. Rf8 Kg7 42. Rf5 Rxf5 43. Nxf5+ Kf6 44. Nd4 Qf4+ 45. Kg1 Ke5 46. a5
Kxd5 47. Rf2 Kc4 48. Ne2 Qg5+ 49. Kf1 Qxa5 50. f4 Qf5 51. Nd4 Qf6 52. f5 b5 53.
Nc2 h5 54. Ne3+ Kd3 55. Nd5 Qf7 56. Nf4+ Ke4 57. Ne2 h4 58. f6 Ke3 59. Nd4 h3
60. Rf3+ Ke4 61. Rf2 a6 62. Kg1 b4 63. Kh2 bxc3 64. bxc3 a5 65. Ne6 Ke5 66. Ng5
Qxf6 67. Nf7+ Ke6 68. Rxf6+ Kxf6 69. Nxd6 a4 70. Nb5 Ke6 71. Kxh3 Kd5 72. Na3
Ke4 73. Kg4 Kd3 74. c4 Kd4 75. Kf4 Kc5 76. Ke3 Kb4 77. Kd3 Kxa3 78. c5 Kb4 79.
c6 a3 80. Kc2 1-0

[Event "Elit(Farsta-Rockaden)"]
[Site "?"]
[Date "2009.02.07"]
[Round "7"]
[White "Svensk, Ingemar"]
[Black "Hedman, Erik"]
[Result "0-1"]
[WhiteElo "2259"]
[BlackElo "2420"]
[PlyCount "60"]

1. e4 c5 2. Nf3 d6 3. d4 cxd4 4. Nxd4 Nf6 5. Nc3 a6 6. a4 e5 7. Nf3 Be7 8. Be2
h6 9. O-O Be6 10. Re1 O-O 11. h3 Nbd7 12. Bf1 Rc8 13. a5 Rc5 14. Na4 Rc6 15.
Bd2 Qc7 16. Bd3 d5 17. exd5 Bxd5 18. Nd4 exd4 19. Rxe7 Be6 20. Bb4 Rd8 21. Nb6
Qf4 22. Qe2 Nxb6 23. axb6 Nd5 24. g3 Qf6 25. Qe4 g6 26. Rxb7 Nxb4 27. Ra4 Nxd3
28. Qxd3 Bf5 29. Qxa6 Rxc2 30. Ra1 Bd3 0-1

[Event "Elit(Farsta-Rockaden)"]
[Site "?"]
[Date "2009.02.07"]
[Round "7"]
[White "Bator, Robert"]
[Black "Nilsson, Ove"]
[Result "1-0"]
[WhiteElo "2439"]
[BlackElo "2147"]
[PlyCount "73"]

1. d4 Nf6 2. Nf3 c5 3. d5 d6 4. c4 e5 5. Nc3 Be7 6. e4 O-O 7. Be2 Ne8 8. a3 g6
9. b4 Nd7 10. Be3 b6 11. g4 Ng7 12. h4 Nf6 13. Ng5 h5 14. gxh5 Nfxh5 15. Rg1
Nf4 16. Bf1 Bxg5 17. hxg5 Ngh5 18. Qd2 a5 19. b5 Ra7 20. Ne2 f5 21. gxf6 Qxf6
22. O-O-O Nxe2+ 23. Bxe2 Nf4 24. Bg4 Rg7 25. Kc2 Bxg4 26. Rxg4 g5 27. Rdg1 Kf7
28. Rh1 Rfg8 29. f3 Qg6 30. Qh2 Ke7 31. Qg1 Kf6 32. Rh2 Rh7 33. Bxf4 exf4 34.
Rhg2 Rh3 35. Qf1 Rgh8 36. Qa1+ Kf7 37. Rxg5 1-0

[Event "Elit(Farsta-Rockaden)"]
[Site "?"]
[Date "2009.02.07"]
[Round "7"]
[White "Hedin, Gunnar"]
[Black "Zadruzny, Nikolaj"]
[Result "0-1"]
[WhiteElo "2146"]
[BlackElo "2311"]
[PlyCount "110"]

1. d4 e6 2. c4 f5 3. g3 Nf6 4. Bg2 Bb4+ 5. Nd2 O-O 6. Ngf3 b6 7. Ne5 Ne4 8. O-O
Bxd2 9. Bxd2 Bb7 10. Qc2 d6 11. Nd3 Nd7 12. Rad1 Qe7 13. Bc1 c5 14. dxc5 bxc5
15. b3 a5 16. Bb2 a4 17. f3 Nef6 18. Nf4 e5 19. Nd5 Nxd5 20. cxd5 f4 21. Bh3
Nb6 22. Be6+ Kh8 23. gxf4 Rxf4 24. e3 Rf6 25. Rf2 Raf8 26. Qe2 Rg6+ 27. Rg2
Rxe6 28. dxe6 Bxf3 29. Qe1 Bxd1 30. Qxd1 Qxe6 31. bxa4 Nc4 32. Bc1 e4 33. Qg4
Qf6 34. Qe2 d5 35. Rf2 Qxf2+ 36. Qxf2 Rxf2 37. Kxf2 Kg8 38. Ke2 Kf7 39. a5 Nxa5
40. Ba3 Nb7 41. Bb2 g5 42. Be5 Ke6 43. Bc7 Kd7 44. Be5 Kc6 45. Bf6 h6 46. Bg7
h5 47. Bf6 g4 48. Kf2 Kb5 49. Kg3 Kc4 50. Kf4 Kd3 51. Ke5 d4 52. exd4 cxd4 53.
Kd5 e3 54. Bxd4 h4 55. Bf6 g3 0-1

[Event "Elit(Farsta-Rockaden)"]
[Site "?"]
[Date "2009.02.07"]
[Round "7"]
[White "Lissang, Christopher"]
[Black "Lagerborg, Krister"]
[Result "1/2-1/2"]
[WhiteElo "2345"]
[BlackElo "2066"]
[PlyCount "113"]

1. d4 Nf6 2. Nf3 g6 3. c4 Bg7 4. Nc3 d6 5. Bf4 O-O 6. e3 c5 7. Be2 Na6 8. h3
Bd7 9. O-O Bc6 10. Nd2 cxd4 11. exd4 Qb6 12. Nb5 Nd5 13. cxd5 Bxb5 14. Nb3 Nb4
15. Bd2 Ba4 16. Bc4 Rac8 17. Qe2 Rc7 18. Be3 Rfc8 19. Nc5 dxc5 20. dxc5 Qf6 21.
b3 Bd7 22. a3 Na6 23. c6 bxc6 24. Bxa6 Rb8 25. dxc6 Bxc6 26. Bc4 Qxa1 27. Rxa1
Bxa1 28. Bf4 e5 29. Bg5 Kg7 30. Qe3 Bd4 31. Bh6+ Kg8 32. Qg5 e4 33. Qf4 Rbc8
34. Ba6 Bb7 35. Bxb7 Rxb7 36. Qxe4 Rd7 37. b4 Bg7 38. Bxg7 Kxg7 39. Qe5+ Kg8
40. Qe3 Rcc7 41. Qe8+ Kg7 42. Qe5+ Kg8 43. a4 Re7 44. Qf6 Rb7 45. b5 Re6 46.
Qd8+ Kg7 47. Qd5 Ree7 48. a5 Rbd7 49. Qc5 Kg8 50. g4 h6 51. Kg2 Rc7 52. Qd6
Rcd7 53. Qc6 Kh7 54. b6 axb6 55. axb6 Rb7 56. h4 Rb8 57. Qf6 1/2-1/2

[Event "Elit(Farsta-Rockaden)"]
[Site "?"]
[Date "2009.02.07"]
[Round "?"]
[White "Engstrom, Stefan"]
[Black "Westerberg, Jonathan"]
[Result "0-1"]
[WhiteElo "2076"]
[BlackElo "2298"]
[PlyCount "122"]
[EventDate "2009.??.??"]

1. d4 Nf6 2. Nf3 e6 3. e3 b6 4. Bd3 Bb7 5. Nbd2 c5 6. O-O Nc6 7. c3 cxd4 8.
exd4 Ne7 9. Re1 Ng6 10. Nf1 Qc7 11. Ne5 Nd5 12. Nxg6 hxg6 13. Be4 f5 14. Bf3
Bd6 15. g3 Nf6 16. Bxb7 Qxb7 17. f3 Rh5 18. Qe2 Kf7 19. Qg2 Rah8 20. Re2 g5 21.
Bd2 g4 22. f4 Ne4 23. Be3 Qa6 24. Rc2 Be7 25. Qe2 Qxe2 26. Rxe2 d5 27. Rc1 Rc8
28. Rec2 b5 29. Nd2 Rhh8 30. Nxe4 fxe4 31. a3 Rc7 32. Kg2 a5 33. Rh1 Rhc8 34.
Re2 b4 35. axb4 axb4 36. Bd2 Ra8 37. Rb1 Ra2 38. Kf2 Rb7 39. Ke3 bxc3 40. Bxc3
Bb4 41. Rc1 Bxc3 42. bxc3 Rxe2+ 43. Kxe2 Rb2+ 44. Ke3 Rxh2 45. c4 Rg2 46. cxd5
exd5 47. f5 Rxg3+ 48. Kf4 Ra3 49. Kxg4 Rd3 50. Kg5 Rxd4 51. Rc7+ Kf8 52. Kg6 e3
53. Rf7+ Ke8 54. Rxg7 Rg4+ 55. Kf6 Rxg7 56. Kxg7 e2 57. f6 e1=Q 58. f7+ Kd7 59.
f8=Q Qe7+ 60. Qxe7+ Kxe7 61. Kg6 d4 0-1

[Event "Elit(Sollentuna-Upsala)"]
[Site "?"]
[Date "2009.02.07"]
[Round "7"]
[White "Jansson, Borje"]
[Black "Agrest, Evgenij"]
[Result "0-1"]
[WhiteElo "2359"]
[BlackElo "2692"]
[PlyCount "98"]

1. e4 c6 2. d4 d5 3. Nc3 dxe4 4. Nxe4 Bf5 5. Ng3 Bg6 6. h4 h6 7. Nf3 Nd7 8. h5
Bh7 9. Bd3 Bxd3 10. Qxd3 e6 11. Bd2 Ngf6 12. O-O-O Be7 13. Ne4 Qb6 14. Nxf6+
Bxf6 15. Qb3 Qxb3 16. axb3 a5 17. Rhe1 O-O 18. Ne5 Nb6 19. c3 a4 20. bxa4 Bxe5
21. dxe5 Rxa4 22. Kc2 Rfa8 23. Bc1 Nd5 24. f3 b5 25. Re4 Ra1 26. Bd2 R1a2 27.
g4 c5 28. Rb1 R8a3 29. f4 c4 30. f5 Rb3 31. Kc1 Nb6 32. Rd4 Na4 33. Rd8+ Kh7
34. Ra8 Raxb2 35. Rxb2 Nxb2 36. fxe6 fxe6 37. Re8 Nd3+ 38. Kc2 Rb2+ 39. Kd1
Nxe5 40. Rxe6 Nxg4 41. Kc1 Rb3 42. Kc2 Ra3 43. Kb2 Ra7 44. Be3 Nxe3 45. Rxe3 g6
46. hxg6+ Kxg6 47. Re6+ Kg5 48. Re5+ Kg4 49. Rxb5 Re7 0-1

[Event "Elit(Sollentuna-Upsala)"]
[Site "?"]
[Date "2009.02.07"]
[Round "7"]
[White "Ernst, Thomas"]
[Black "Johansson, Jan"]
[Result "0-1"]
[WhiteElo "2464"]
[BlackElo "2489"]
[PlyCount "104"]

1. e4 d6 2. d4 Nf6 3. f3 e5 4. d5 Be7 5. c4 O-O 6. Nc3 Nfd7 7. Nh3 Nc5 8. Nf2
a5 9. Nd3 Nba6 10. Be3 Bg5 11. Bf2 c6 12. Be2 cxd5 13. Nxd5 Be6 14. O-O Bxd5
15. cxd5 Rc8 16. Nxc5 Nxc5 17. Bb5 g6 18. a4 Rc7 19. Qe2 Qe7 20. Ra3 Rfc8 21.
Qe1 Ra8 22. Rc3 Rac8 23. Rc4 Nb3 24. Rxc7 Qxc7 25. Bh4 Qb6+ 26. Kh1 Rc1 27.
Bxg5 Rxe1 28. Rxe1 Qf2 29. Rf1 Qxb2 30. Be7 Qa3 31. h3 Kg7 32. Rb1 Nd2 33. Rd1
Nxf3 34. Bxd6 Qxd6 35. gxf3 f5 36. Kg2 Kf6 37. Rd3 Kg5 38. Kg3 f4+ 39. Kg2 Kh4
40. Rd2 Qb4 41. Re2 h5 42. Rf2 g5 43. Bd7 b5 44. Bxb5 g4 45. hxg4 hxg4 46. Re2
Qc3 47. Rf2 gxf3+ 48. Rxf3 Qc2+ 49. Kf1 Qxe4 50. Rd3 f3 51. Rd1 Kg3 52. d6 Qe3
0-1

[Event "Elit(Sollentuna-Upsala)"]
[Site "?"]
[Date "2009.02.07"]
[Round "7"]
[White "Burwick, Malte"]
[Black "Poley, Vladimir"]
[Result "0-1"]
[WhiteElo "2304"]
[BlackElo "2484"]
[PlyCount "90"]

1. c4 g6 2. g3 Bg7 3. Bg2 Nc6 4. Nc3 d6 5. Rb1 a5 6. a3 Nh6 7. d3 Nf5 8. e3 O-O
9. Nge2 h5 10. h3 e6 11. d4 e5 12. d5 Nb8 13. b4 Na6 14. O-O Bd7 15. e4 Nh6 16.
Be3 axb4 17. axb4 Qe7 18. Qd2 Kh7 19. Rfd1 Ng8 20. b5 Nc5 21. Bxc5 dxc5 22. d6
cxd6 23. Qxd6 Be6 24. Qxe7 Nxe7 25. Nd5 Nxd5 26. cxd5 Bd7 27. b6 Ra3 28. Rdc1
Rc8 29. Nc3 Bh6 30. Rc2 Rca8 31. Rbb2 Ra1+ 32. Kh2 Bc1 33. Rb1 Bg5 34. Rbb2 h4
35. Nb5 hxg3+ 36. Kxg3 Bf4+ 37. Kf3 Re1 38. Rxc5 Ra6 39. Rb3 Kh6 40. Rb4 Kg5
41. d6 f5 42. h4+ Kxh4 43. exf5 g5 44. Bh1 g4+ 45. Kg2 Raa1 0-1